000 00733nam a2200265Ia 4500
001 Para_4422
003 CHAP
008 220125s1920 xx 000 0 und d
010 _a202923
040 _cCHAP
090 _aPA FOLLETO 1656
100 _aCampbell, Roy E
_917977
245 _aThe broad-bean weevil /
_c by Roy E. Campbell
260 _aWashington :
_b Department of Agriculture
300 _a23 p.
440 _aEUA. Dept. of Agriculture Bull.; 807
_9168425
650 _aBruchus rufimanus Haba
_x Plagas
_9168426
901 _aPA FOLLETO 1656
902 _aA
905 _a0000001920 WAS 0000000000 00
910 _a1920
942 _cPARA
942 _cPARA
_d1
999 _c202923
_d202923